Gaming Quiz

Random Gaming or Video Games Quiz
Score 0/20 Timer 07:00
2 Plays Today
% Correct
Minecraft
95.8%
Pokémon Red & Blue
76%
Super Mario Land 2
72.6%
The Elder Scrolls V: Skyrim
66.5%
The Legend of Zelda: Ocarina of Time
60.9%
FarmVille
59.5%
Earthworm Jim
58.7%
Assassin's Creed III
56.8%
Animal Crossing
55.9%
Fallout 3
53.8%
% Correct
Civilization V
52.5%
Grand Theft Auto V
50.3%
EarthBound
41.5%
NBA Jam
41.1%
Diablo II (Secret Cow Level)
38%
Harvest Moon 64
37.1%
Banjo Tooie
29.3%
RuneScape
20.4%
Cruis'n World (Arcade Version)
7.2%
Cow Clicker
4.1%
Remove Ads.
Support Sporcle.
Get the best of Sporcle when you Go Orange. This ad-free experience offers more features, more stats, and more fun while also helping to support Sporcle. Thank you for becoming a member.

You're not logged in!

Compare scores with friends on all Sporcle quizzes.
OR
Log In

Show Comments

Extras

Top Quizzes Today


Score Distribution

Your Account Isn't Verified!

In order to create a playlist on Sporcle, you need to verify the email address you used during registration. Go to your Sporcle Settings to finish the process.

Report this User

Report this user for behavior that violates our Community Guidelines.

Details: